000 00478cam a2200157 4500500
005 20260329001407.0
041 _afre
042 _adc
100 1 0 _aCourtine-Denamy, Sylvie
_eauthor
245 0 0 _aLe livre des hontes
260 _c2006.
500 _a43
690 _aHonte
786 0 _nPhilosophie magazine | 5 | 12 | 2006-12-01 | p. 31-31 | 1951-1787
856 4 1 _uhttps://shs.cairn.info/magazine-philosophie-magazine-2006-12-page-31?lang=fr&redirect-ssocas=7080
999 _c1804976
_d1804976